000 00391nam a2200157Ia 4500
003 OSt
005 20240203113610.0
008 170524s9999 xx 000 0 und d
020 _a9788126547395,
040 _cIIMT UNIVERSITY
100 _aPARASURAMAN, N.R.
245 0 _aFUNDAMENTALS OF FINANCIAL DERIVATIVES
260 _aNEW DELHI
_bWILEY INDIA
_c2011
300 _a307
942 _2ddc
_c02
999 _c2572
_d2572